|
|
|
|
| LEADER |
01461nam a2200361 a 4500 |
| 001 |
000567292 |
| 003 |
CZ BrMZK |
| 005 |
20060224094401.0 |
| 007 |
ta |
| 008 |
920327s1992 xr f 001 m cze d |
| 015 |
|
|
|a cnb000070187
|
| 020 |
|
|
|a 80-900344-3-8
|q (Brož.)
|
| 035 |
|
|
|a (OCoLC)39600415
|
| 040 |
|
|
|a BOA001
|c ze
|d BOA001
|
| 080 |
|
|
|a 681.3.066 Novell NetWare v 2.20
|2 MRF
|
| 100 |
1 |
|
|a Pospíšil, Josef
|7 jx20040604006
|4 aut
|
| 245 |
1 |
0 |
|a Příručka systému Novell NetWare v2.20 /
|c Josef Pospíšil
|
| 250 |
|
|
|a 1. vyd.
|
| 260 |
|
|
|a Pardubice :
|b Systemconsult,
|c 1992
|
| 300 |
|
|
|a 118 s. ;
|c 21 cm
|
| 490 |
1 |
|
|a Lokální počítačové sítě LAN ;
|v 3
|
| 500 |
|
|
|a Obsahuje rejstřík
|
| 500 |
|
|
|a Anglicko-český slovníček
|
| 500 |
|
|
|a Pozn. o autorovi
|
| 830 |
|
0 |
|a Lokální počítačové sítě LAN
|
| 856 |
4 |
1 |
|u http://www.digitalniknihovna.cz/mzk/uuid/uuid:16d3b130-a474-11e2-9a08-005056827e52
|y Digitalizovaný dokument
|x NDK
|
| 910 |
|
|
|a BOA001
|b 2-0974.925
|b TK-0249.397
|
| 920 |
|
|
|a 000107477
|
| 964 |
|
|
|a Systém operační Novell NetWare 2. 20 - příkazy - příručky uživatelské
|
| 990 |
|
|
|a BK
|
| 996 |
7 |
|
|b 2619346722
|c 2-0974.925
|l MZK
|r Sklad / do 1 hodiny
|n 0
|w 000567292
|u 000010
|a 1
|e BOA001
|j MZK50
|s A
|
| 996 |
7 |
|
|b 2629980176
|c TK-0249.397
|l MZK
|r Sklad / do 24 hodin
|n 0
|w 000567292
|u 000030
|a 1
|e BOA001
|j MZK50
|s A
|
| 996 |
7 |
|
|b 2629987977
|c TK-0249.397
|l MZK
|r Sklad / do 24 hodin
|n 0
|w 000567292
|u 000020
|a 1
|e BOA001
|j MZK50
|s A
|